• 首页
  • 本馆介绍
  • 公告通知
  • 最新文献
  • 馆藏检索
  • 电子资源
  • 读者导购
  • 参考咨询
  • 我的图书馆
  • 登录
  • 详细信息显示
  • 放入我的书架
  • 预约/预借图书
  • 作者相关作品
  • 分类相关作品
  • 丛书相关作品
  • 出版社相关作品

书目信息

  • 表格格式
  • 工作单格式
  • 卡片格式
题名:
爵士派
    
 
作者: 李爵士 著
分册:  
出版信息: 北京   中国人民大学出版社  2004
页数: 250页
开本: 23cm
丛书名: 朗朗书房
单 册:
中图分类: J609.15
科图分类:
主题词: 爵士乐--音乐欣赏
电子资源:
ISBN: 7-300-05166-9
000 01180nam0 2200349 450
000 01143nam0 2200337 450
000 01141nam0 2200349 450
000 01087nam0 2200325 450
000 01105nam0 2200313 450
000 01068nam0 2200301 45
001 TS2006027768
005 20061210155244.70
010    @a7-300-05166-9@dCNY49.80
100    @a20060829d2004 em y0chiy0110 ea
101 0  @achi
102    @aCN@b110000
105    @aa z 000yy
200 1  @a爵士派@AJue Shi Pai@dJazzophile@f李爵士著@FLi Jue Shi Zhu@zeng
210    @a北京@c中国人民大学出版社@d2004
215    @a250页@c彩图@d23cm
225 2  @a朗朗书房@i音乐坊
330    @a本书是一辑全面精深的爵士乐评、一份历时五年的聆听经验、一打音乐流淌的喜怒哀乐、一片信马由僵的恣意涂抹,体现了自由、力量、富有节奏的主旋律。
410  0 @12001 @a朗朗书房
410  0 @12001 @a音乐坊
510 1  @aJazzophile@zeng
606 0  @a爵士乐@x音乐欣赏
690    @aJ609.15@v4
701  0 @a李爵士@ALi Jue Shi@4著
801  0 @aCN@b中图数据@c20061210
905    @a10447@dJ609.15@e384
    
    爵士派=Jazzophile/李爵士著.-北京:中国人民大学出版社,2004
    250页:彩图;23cm.-(朗朗书房.音乐坊)
    
    
    ISBN 7-300-05166-9:CNY49.80
    本书是一辑全面精深的爵士乐评、一份历时五年的聆听经验、一打音乐流淌的喜怒哀乐、一片信马由僵的恣意涂抹,体现了自由、力量、富有节奏的主旋律。
●
相关链接 在E读中查询图书 在五车中查询图书 在当当中查询图书 在豆瓣中查询图书


正题名:爵士派     索取号:J609.15/384         预约/预借

序号 登录号 条形码 馆藏地/架位号 状态 备注
1 0606246   206062464   第一样本阅览室/ [索取号:J609.15/384] 在馆    
2 0606247   206062473   第一借阅区/ [索取号:J609.15/384] 在馆    
3 0606248   206062482   第一借阅区/ [索取号:J609.15/384] 在馆    
4 0606249   206062491   第一借阅区/ [索取号:J609.15/384] 在馆    
5 0606250   206062507   第一借阅区/ [索取号:J609.15/384] 在馆    
唐山师范学院图书馆 欢迎您!
大连网信软件有限公司© 版权所有